ՀՀ Գիտությունների ազգային ակադեմիայի հիմնարար գիտական գրադարան  =   Fundamental Scientific Library of NAS RA

Անդրանիկ / (Record no. 520011)

MARC details
000 -LEADER
fixed length control field 01125nam a2200265 a 4500
001 - CONTROL NUMBER
control field 1800058
003 - CONTROL NUMBER IDENTIFIER
control field AM-YEHGA
005 - DATE AND TIME OF LATEST TRANSACTION
control field 20250618080023.0
008 - FIXED-LENGTH DATA ELEMENTS--GENERAL INFORMATION
fixed length control field 211101s2021 ai a|||gr|||||||||0|arm|d
020 ## - INTERNATIONAL STANDARD BOOK NUMBER
International Standard Book Number 9789939663067
040 ## - CATALOGING SOURCE
Original cataloging agency AM-YeHGA
041 0# - LANGUAGE CODE
Language code of text/sound track or separate title arm
090 ## - LOCALLY ASSIGNED LC-TYPE CALL NUMBER (OCLC); LOCAL CALL NUMBER (RLIN)
-- 523577
100 1# - MAIN ENTRY--PERSONAL NAME
Personal name Թէրզիպաշեան, Աւետիս
245 10 - TITLE STATEMENT
Title Անդրանիկ /
Statement of responsibility, etc. Ա. Թէրզիպաշեան ; [Կազմող և խմբագիր՝ Կ. Վարդանյան ; Սրբագրիչ՝ Ա. Ֆիշենկճեան].
260 ## - PUBLICATION, DISTRIBUTION, ETC.
Place of publication, distribution, etc. Երեւան :
Name of publisher, distributor, etc. Bookinist,
Date of publication, distribution, etc. 2021.
Manufacturer (Ոսկան Երևանցի)
300 ## - PHYSICAL DESCRIPTION
Extent 472 էջ :
Other physical details լուսանկ. ;
Dimensions 21 սմ.
490 #0 - SERIES STATEMENT
Series statement Պատմություն կերտողները
600 04 - SUBJECT ADDED ENTRY--PERSONAL NAME
Personal name Անդրանիկ,
Dates associated with a name 1875-1927
Fuller form of name (Օզանյան Անդրանիկ Թորոսի),
650 14 - SUBJECT ADDED ENTRY--TOPICAL TERM
Topical term or geographic name entry element Հայ պատմական գործիչներ
General subdivision Կյանքն ու գործունեությունը
650 14 - SUBJECT ADDED ENTRY--TOPICAL TERM
Topical term or geographic name entry element Սփյուռքահայ արձակ
700 1# - ADDED ENTRY--PERSONAL NAME
Personal name Վարդանյան, Կարո
Relator term կազմ.
Relationship com
Relator term խմբ.
Relationship edt
9 (RLIN) 4136
700 1# - ADDED ENTRY--PERSONAL NAME
Personal name Ֆիշենկճեան, Անի
Relator term սրբագրիչ
Relationship crr
942 ## - ADDED ENTRY ELEMENTS (KOHA)
Source of classification or shelving scheme Universal Decimal Classification
Koha item type Գրքեր / Books
Holdings
Withdrawn status Lost status Source of classification or shelving scheme Damaged status Not for loan Collection Home library Current library Date acquired Total checkouts Full call number Barcode Date last seen Price effective from Koha item type Public note
    Universal Decimal Classification     General Fundamental Scientific Library Fundamental Scientific Library 01/11/2021   AII/107867 FL0663519 01/11/2021 01/11/2021 Գրքեր / Books 30 Days Loan
    Universal Decimal Classification     General Fundamental Scientific Library Fundamental Scientific Library 28/04/2023   AII/110047 FL0672140 28/04/2023 28/04/2023 Գրքեր / Books 30 Days Loan


ՀՀ ԳԱԱ հիմնարար գիտական գրադարան
ՀՀ,Երևան 0019
Մարշալ Բաղրամյան 24/6
հեռախոս:(374-10) 52-47-50
Հետադարձ կապ

All site content, except where otherwise noted, is licensed under a
Creative Commons License